Meditaciones sobre el dolor del mundo, el suicidio y la voluntad de vivir
Αποθηκεύτηκε σε:
| Κύριος συγγραφέας: | |
|---|---|
| Μορφή: | Βιβλίο |
| Γλώσσα: | Undetermined |
| Έκδοση: |
Madrid, España
Editorial Tecnos
2004
|
| Θέματα: | |
| Ετικέτες: |
Προσθήκη ετικέτας
Δεν υπάρχουν, Καταχωρήστε ετικέτα πρώτοι!
|
MARC
| LEADER | 00000nam a2200000Ia 4500 | ||
|---|---|---|---|
| 008 | 170316s9999 xx 000 0 und d | ||
| 090 | |a 100 S-25sd | ||
| 100 | |a Schopenhauer, Arthur | ||
| 245 | |a Meditaciones sobre el dolor del mundo, el suicidio y la voluntad de vivir | ||
| 260 | |a Madrid, España | ||
| 260 | |b Editorial Tecnos | ||
| 260 | |c 2004 | ||
| 300 | |a 91 páginas | ||
| 650 | |a FILOSOFÍA | ||
| 650 | |a MEDITACIONES SOBRE EL DOLOR DEL MUNDO | ||
| 650 | |a MEDITACIONES SOBRE EL SUICIDIO | ||
| 650 | |a MEDITACIONES DOCTRINA DE LA AFIRMACIÓN Y LA NEGACIÓN DE LA VOLUNTAD DE VIVIR | ||
| 040 | |a cru BVZT | ||
| 942 | 0 | 0 | |0 2 |
| 999 | |c 17593 |d 17593 | ||
